Normal view
MARC view
- تقديم وتحقيق الهرامة، عبد الحميد عبدالله
Entry Personal Name
001 - CONTROL NUMBER
- control field: 39413
003 - CONTROL NUMBER IDENTIFIER
- control field: JO-AjAnu
005 - DATE AND TIME OF LATEST TRANSACTION
- control field: 20230606080544.0
008 - FIXED-LENGTH DATA ELEMENTS
- fixed length control field: 230606|| aca||aabn | a|a d
040 ## - CATALOGING SOURCE
- Original cataloging agency: JO-AjAnu
- Transcribing agency: JO-AjAnu
100 ## - HEADING--PERSONAL NAME
- Personal name: تقديم وتحقيق الهرامة، عبد الحميد عبدالله
670 ## - SOURCE DATA FOUND
- Source citation: Work cat.: (JO-AjAnu)20211: تقديم وتحقيق الهرامة، عبد الحميد عبدالله, author, آثار أبي زيد الفازازي الأندلسي: نصوص أدبية من القرن الهجري السابع جمعها بعض تلاميذه في حياته